000
00257nam a22001217a 4500
008
180228b xxu||||| |||| 00| 0 eng d
041
_a
eng
080
_a
53
100
_a
43
101
_a
FIZ
245
_a
LIFE SCIENCE PHYSICS
_c
KANE.S
942
_2
udc
_c
BK
999
_c
43734
_d
43734